The British journal of photography annual 1973 (Record no. 4239)

MARC details
000 -LEADER
fixed length control field 00520nam a2200181Ia 4500
003 - CONTROL NUMBER IDENTIFIER
control field IN-BaIIA
008 - FIXED-LENGTH DATA ELEMENTS--GENERAL INFORMATION
fixed length control field 211028s9999 xx 000 0 eng d
020 ## - INTERNATIONAL STANDARD BOOK NUMBER
International Standard Book Number 900414-03-0
040 ## - CATALOGING SOURCE
Transcribing agency IIA Library
080 ## - UNIVERSAL DECIMAL CLASSIFICATION NUMBER
Universal Decimal Classification number 77(058)
Item number BJB-73
245 #4 - TITLE STATEMENT
Title The British journal of photography annual 1973
Statement of responsibility, etc. edited by Geoffery Carwley
260 ## - PUBLICATION, DISTRIBUTION, ETC.
Place of publication, distribution, etc. London
Name of publisher, distributor, etc. Henry Greenwood
Date of publication, distribution, etc. 1973
300 ## - PHYSICAL DESCRIPTION
Extent 232p.
650 ## - SUBJECT ADDED ENTRY--TOPICAL TERM
Topical term or geographic name entry element Astronomy and astrophysics thesaurus
650 ## - SUBJECT ADDED ENTRY--TOPICAL TERM
Topical term or geographic name entry element Photography
700 ## - ADDED ENTRY--PERSONAL NAME
Personal name Crawley, Geoffrey., ed.
9 (RLIN) 6931
942 ## - ADDED ENTRY ELEMENTS (KOHA)
Koha item type Books
Holdings
Withdrawn status Lost status Damaged status Not for loan Home library Current library Shelving location Date acquired Total Checkouts Full call number Barcode Date last seen Price effective from Koha item type
        IIA Library-Bangalore IIA Library-Bangalore General Stacks 07/07/1973   77(058)/ BJB-73 4733 05/11/2021 07/07/1973 Books

Powered by Koha